00381nam a2200157Ia 4500008004100000041000800041082001800049100001700067245002700084250001200111260001600123300002700139365000800166500003200174700001700206230718s9999 xx 000 0 und d aeng a621.3815bCLA aClayton G.B. aOperational Amplifiers a2nd ed. c1980bELBS  a410dRef 614 E (12496) cRs. aDonated Book Viswas Library aClayton G.B.